Diagnostika externého prostredia podniku bakalárska práca

Uložené v:
Podrobná bibliografia
Hlavný autor: Naščáková, Veronika
Korporativný autor: Podnikovohospodárska fakulta EU so sídlom v Košiciach. Katedra manažmentu
Ďalší autori: Bruothová, Michaela, 1979-
Médium: Kniha
Jazyk:Slovak
Vydavateľské údaje: Košice 2015
Tagy: Pridať tag
Žiadne tagy, Buďte prvý, kto otaguje tento záznam!

MARC

LEADER 00000nbm a2200000 4500
001 0202246
005 20161212094451.8
041 0 |a slo 
044 |a SK 
245 1 0 |a Diagnostika externého prostredia podniku  |b bakalárska práca  |c Veronika Naščáková ; školiteľ: Michaela Bruothová 
264 1 |a Košice  |c 2015 
300 |a 58 s. 
100 1 |a Naščáková, Veronika 
700 1 |a Bruothová, Michaela, 1979- 
710 2 |a Podnikovohospodárska fakulta EU so sídlom v Košiciach. Katedra manažmentu